[Event "POL-chT 2nd League"]
[Site "Jastrzebia Gora"]
[Date "2022.09.10"]
[Round "8.121"]
[White "Gawronski, Lukasz"]
[Black "Paszek, Krzysztof"]
[Result "1-0"]
[WhiteElo "1812"]
[BlackElo "2114"]
[PlyCount "70"]
[EventDate "2022.09.03"]
[EventType "team-swiss"]
[EventRounds "9"]
[EventCountry "POL"]
[SourceTitle "CBM 210 Extra"]
[Source "ChessBase"]
[SourceDate "2022.11.30"]
[SourceVersion "1"]
[SourceVersionDate "2022.11.30"]
[SourceQuality "1"]
[WhiteTeam "Krakow Cracovia"]
[BlackTeam "Zakrzewo Korona"]
[WhiteTeamCountry "POL"]
[BlackTeamCountry "POL"]

1. d4 Nf6 2. Bg5 Ne4 3. Bf4 c5 4. f3 Nf6 5. dxc5 Qa5+ 6. Qd2 Qxc5 7. Nc3 d6 8. e4 a6 9. 0-0-0 e5 10. Be3 Qc7 11. g4 h6 12. h4 Be6 13. Bh3 b5 14. g5 hxg5 15. hxg5 b4 16. Nd5 Nxd5 17. exd5 Bxh3 18. Nxh3 Qc4 19. Kb1 Nd7 20. g6 f6 21. b3 Qb5 22. Qg2 Be7 23. Qg4 Nf8 24. f4 Qd7 25. f5 Qb5 26. Nf2 Rg8 27. Rh4 a5 28. Qc4 Qd7 29. Qd3 Rc8 30. Rc4 Rxc4 31. bxc4 Rh8 32. Rh1 Rxh1+ 33. Nxh1 Qb7 34. Ng3 Qa6 35. Nh5 Qb7 1-0

[Event "POL-chT 2nd League"]
[Site "Poronin"]
[Date "2020.09.12"]
[Round "8.11"]
[White "Paszek, Krzysztof"]
[Black "Grzesik, Gracjan"]
[Result "1/2-1/2"]
[WhiteElo "2131"]
[BlackElo "1962"]
[PlyCount "77"]
[EventDate "2020.09.05"]
[EventType "team-swiss"]
[EventRounds "9"]
[EventCountry "POL"]
[SourceTitle "CBM 198 Extra"]
[Source "ChessBase"]
[SourceDate "2020.11.30"]
[SourceVersion "1"]
[SourceVersionDate "2020.11.30"]
[SourceQuality "1"]
[WhiteTeam "Zakrzewo Korona"]
[BlackTeam "Koszalin Hetman Politechnika"]
[WhiteTeamCountry "POL"]
[BlackTeamCountry "POL"]

1. Nf3 Nf6 2. g3 d5 3. Bg2 e6 4. 0-0 b5 5. d3 Bb7 6. Nbd2 c5 7. e4 Nc6 8. Re1 Be7 9. e5 Nd7 10. h4 Qc7 11. Qe2 Nb6 12. c3 0-0 13. Nf1 Rfd8 14. Bg5 d4 15. Rac1 dxc3 16. bxc3 b4 17. c4 Bxg5 18. hxg5 Na4 19. Qe3 Ne7 20. Red1 Nc3 21. Rd2 Nf5 22. Qe1 Nd4 23. Nxd4 Rxd4 24. Nh2 Rad8 25. Qe3 Bxg2 26. Kxg2 Qd7 27. Nf3 Rxd3 28. Rxd3 Qxd3 29. Qxc5 Nxa2 30. Re1 b3 31. Re3 Qd1 32. Qb5 Nc1 33. Re4 g6 34. c5 Qd3 35. Qb7 Qd5 36. c6 Qxe4 37. c7 Qxb7 38. cxd8Q+ Kg7 39. Qf6+ 1/2-1/2

[Event "POL-chT 2nd League"]
[Site "Poronin"]
[Date "2020.09.09"]
[Round "5.6"]
[White "Raczynski, Krzysztof"]
[Black "Paszek, Krzysztof"]
[Result "1/2-1/2"]
[WhiteElo "2245"]
[BlackElo "2131"]
[PlyCount "67"]
[EventDate "2020.09.05"]
[EventType "team-swiss"]
[EventRounds "9"]
[EventCountry "POL"]
[SourceTitle "CBM 198 Extra"]
[Source "ChessBase"]
[SourceDate "2020.11.30"]
[SourceVersion "1"]
[SourceVersionDate "2020.11.30"]
[SourceQuality "1"]
[WhiteTeam "Chrobry Gniezno"]
[BlackTeam "Zakrzewo Korona"]
[WhiteTeamCountry "POL"]
[BlackTeamCountry "POL"]

1. e4 c5 2. Nf3 d6 3. d4 cxd4 4. Nxd4 Nf6 5. Nc3 a6 6. Be3 e6 7. g4 h6 8. Bg2 Qc7 9. Qe2 Nc6 10. h3 Nxd4 11. Bxd4 e5 12. Be3 Be6 13. 0-0-0 Be7 14. Nd5 Bxd5 15. exd5 Nd7 16. h4 g6 17. g5 h5 18. Bh3 0-0 19. Rd3 b5 20. f4 exf4 21. Bxf4 Ne5 22. Re3 Rfe8 23. Re1 Bf8 24. Bxe5 Rxe5 25. Rxe5 dxe5 26. Qxe5 Qxe5 27. Rxe5 Bd6 28. Re4 Rd8 29. a4 Bc5 30. axb5 axb5 31. Bf1 Rxd5 32. c3 Bf2 33. Kc2 f6 34. gxf6 1/2-1/2

[Event "Tczew-ch"]
[Site "Tczew"]
[Date "2008.12.23"]
[Round "9.2"]
[White "Paszek, Krzysztof"]
[Black "Fabich, Krzysztof"]
[Result "1-0"]
[WhiteElo "2148"]
[BlackElo "1554"]
[PlyCount "61"]
[EventDate "2008.10.21"]
[EventType "swiss"]
[EventRounds "9"]
[EventCountry "POL"]
[SourceTitle "EXT 2023"]
[Source "ChessBase"]
[SourceDate "2022.10.05"]
[SourceVersion "1"]
[SourceVersionDate "2022.10.05"]
[SourceQuality "1"]

1. e4 e5 2. Nf3 Nc6 3. Bb5 Nd4 4. Nxd4 exd4 5. 0-0 Nf6 6. Re1 Bc5 7. e5 Nd5 8. Qf3 c6 9. Bc4 0-0 10. Bxd5 cxd5 11. Qxd5 Bb6 12. Na3 Re8 13. Nc4 Bc7 14. d3 d6 15. Qxd4 b5 16. Na3 a6 17. Bf4 Bb7 18. exd6 Rxe1+ 19. Rxe1 Bb6 20. Qe5 Bc6 21. Be3 Bxe3 22. Rxe3 Ra7 23. Qc5 Qa8 24. c4 h6 25. f3 Rd7 26. Nc2 bxc4 27. dxc4 Qb7 28. Re8+ Kh7 29. Qf5+ g6 30. Qf6 Qa7+ 31. Kf1 1-0

[Event "Tczew-ch"]
[Site "Tczew"]
[Date "2008.12.02"]
[Round "6.1"]
[White "Paszek, Krzysztof"]
[Black "Bodio, Leszek"]
[Result "1-0"]
[WhiteElo "2148"]
[BlackElo "1820"]
[PlyCount "51"]
[EventDate "2008.10.21"]
[EventType "swiss"]
[EventRounds "9"]
[EventCountry "POL"]
[SourceTitle "EXT 2023"]
[Source "ChessBase"]
[SourceDate "2022.10.05"]
[SourceVersion "1"]
[SourceVersionDate "2022.10.05"]
[SourceQuality "1"]

1. Nf3 d5 2. g3 c5 3. Bg2 Nc6 4. 0-0 e5 5. d3 Be7 6. Nbd2 Nf6 7. e4 d4 8. Nc4 Bg4 9. a4 b6 10. h3 Bxf3 11. Bxf3 0-0 12. Bg2 Ne8 13. f4 f6 14. h4 Qd7 15. f5 Nd6 16. Nxd6 Bxd6 17. g4 Qf7 18. b3 Kh8 19. g5 Ne7 20. Qg4 fxg5 21. hxg5 g6 22. Bd2 a5 23. Rf3 Kg8 24. Raf1 Nc6 25. fxg6 Qxg6 26. Rf6 1-0

[Event "Tczew-ch"]
[Site "Tczew"]
[Date "2008.11.18"]
[Round "4.1"]
[White "Paszek, Krzysztof"]
[Black "Krzywkowski, Marcin"]
[Result "1/2-1/2"]
[WhiteElo "2148"]
[BlackElo "1984"]
[PlyCount "62"]
[EventDate "2008.10.21"]
[EventType "swiss"]
[EventRounds "9"]
[EventCountry "POL"]
[SourceTitle "EXT 2023"]
[Source "ChessBase"]
[SourceDate "2022.10.05"]
[SourceVersion "1"]
[SourceVersionDate "2022.10.05"]
[SourceQuality "1"]

1. e4 e5 2. Nf3 Nc6 3. Bb5 a6 4. Ba4 Nf6 5. 0-0 b5 6. Bb3 Be7 7. Re1 0-0 8. h3 d6 9. c3 Bb7 10. d4 Re8 11. Nbd2 Bf8 12. a4 h6 13. Bc2 exd4 14. cxd4 Nb4 15. Bb1 c5 16. d5 Nd7 17. Ra3 c4 18. Nd4 Qf6 19. N2f3 Nc5 20. axb5 axb5 21. Nxb5 Rxa3 22. bxa3 Nbd3 23. Re3 Rxe4 24. Rxe4 Nxe4 25. Bxd3 cxd3 26. Be3 Bxd5 27. Qxd3 Bc6 28. Nfd4 Nc5 29. Qc4 Be4 30. Nc3 Bb7 31. Qe2 Ba8 1/2-1/2

[Event "POL-chT 2nd League"]
[Site "Ustron"]
[Date "2008.09.12"]
[Round "7.53"]
[White "Markiewicz, Mateusz"]
[Black "Paszek, Krzysztof"]
[Result "0-1"]
[WhiteElo "2013"]
[BlackElo "2126"]
[PlyCount "102"]
[EventDate "2008.09.06"]
[EventType "team-swiss"]
[EventRounds "9"]
[EventCountry "POL"]
[SourceTitle "EXT 2015"]
[Source "ChessBase"]
[SourceDate "2014.11.20"]
[SourceVersion "1"]
[SourceVersionDate "2014.11.20"]
[SourceQuality "1"]
[WhiteTeam "Pilzno GKSz Hetman"]
[BlackTeam "Torun AZS UMK"]
[WhiteTeamCountry "POL"]
[BlackTeamCountry "POL"]

1. e4 c5 2. Nf3 d6 3. d4 cxd4 4. Nxd4 Nf6 5. Nc3 a6 6. Bg5 e6 7. f4 Be7 8. Qf3 Qc7 9. 0-0-0 Nbd7 10. Bd3 h6 11. Bh4 g5 12. fxg5 Ne5 13. Qe2 Nh7 14. Nf3 hxg5 15. Bg3 Rg8 16. Rhf1 Nf6 17. Kb1 b5 18. Qd2 Nh5 19. Be1 Bd7 20. Ne2 Rg7 21. Qc3 Qxc3 22. Bxc3 Bf6 23. Neg1 g4 24. Nxe5 Bxe5 25. Ne2 Bc6 26. Nf4 Nxf4 27. Rxf4 Bxf4 28. Bxg7 Bxh2 29. Rh1 Bg3 30. Bf6 Be5 31. Bxe5 dxe5 32. Rh4 Rd8 33. Kc1 f5 34. Rh6 Bd7 35. Rh5 f4 36. Rxe5 Kf7 37. Rg5 Rg8 38. Rxg8 Kxg8 39. Kd2 Kg7 40. c4 Kf6 41. Be2 Kg5 42. Ke1 Bc6 43. Kf2 b4 44. c5 g3+ 45. Kf1 Bxe4 46. Bxa6 Bc6 47. a3 bxa3 48. bxa3 Kf6 49. a4 Bxa4 50. Bb7 Bb5+ 51. Ke1 Ke7 0-1

[Event "Warsaw AIG Life rapid 7th"]
[Site "Warsaw"]
[Date "2007.12.15"]
[Round "7"]
[White "Bobula, Mateusz"]
[Black "Paszek, Krzysztof"]
[Result "1/2-1/2"]
[WhiteElo "2423"]
[BlackElo "2136"]
[PlyCount "97"]
[EventDate "2007.12.15"]
[EventType "swiss (rapid)"]
[EventRounds "13"]
[EventCountry "POL"]
[SourceTitle "CBM 121 Extra"]
[Source "ChessBase"]
[SourceDate "2008.01.10"]
[SourceVersion "1"]
[SourceVersionDate "2008.01.10"]
[SourceQuality "1"]

1. d4 Nf6 2. c4 g6 3. Nc3 Bg7 4. e4 d6 5. Nf3 0-0 6. Be2 e5 7. 0-0 Nc6 8. d5 Ne7 9. Ne1 Nd7 10. Be3 f5 11. f3 f4 12. Bf2 g5 13. a4 h5 14. b4 Nf6 15. c5 Ng6 16. a5 g4 17. cxd6 cxd6 18. Nb5 g3 19. hxg3 fxg3 20. Bxg3 Bh6 21. Nd3 h4 22. Bh2 Nh5 23. f4 Nhxf4 24. Nxf4 Nxf4 25. Bg4 a6 26. Na3 Qg5 27. Bxf4 Rxf4 28. Rxf4 Qxf4 29. Be6+ Bxe6 30. dxe6 Qxe4 31. Qxd6 Be3+ 32. Kh1 h3 33. Ra2 Rf8 34. Qd1 Rf2 35. Rxf2 Bxf2 36. Qf3 hxg2+ 37. Kxg2 Qxf3+ 38. Kxf3 Be1 39. Ke4 Bxb4 40. Nc4 Kf8 41. Kxe5 Ke7 42. Ne3 Bc3+ 43. Kf5 Bxa5 44. Nd5+ Ke8 45. Ke5 Be1 46. Kd6 Bg3+ 47. Kc5 Bf2+ 48. Kd6 Bg3+ 49. Kc5 1/2-1/2

[Event "Warsaw AIG Life rapid 7th"]
[Site "Warsaw"]
[Date "2007.12.15"]
[Round "2"]
[White "Paszek, Krzysztof"]
[Black "Vysochin, Spartak"]
[Result "0-1"]
[WhiteElo "2136"]
[BlackElo "2524"]
[PlyCount "60"]
[EventDate "2007.12.15"]
[EventType "swiss (rapid)"]
[EventRounds "13"]
[EventCountry "POL"]
[SourceTitle "CBM 121 Extra"]
[Source "ChessBase"]
[SourceDate "2008.01.10"]
[SourceVersion "1"]
[SourceVersionDate "2008.01.10"]
[SourceQuality "1"]

1. e4 e6 2. d3 d5 3. Nd2 c5 4. Ngf3 Nc6 5. g3 Bd6 6. Bg2 Nge7 7. 0-0 0-0 8. Re1 Qc7 9. c3 Bd7 10. Qe2 f6 11. d4 cxd4 12. Nxd4 Nxd4 13. cxd4 Qb6 14. Bh3 Rfe8 15. exd5 Nxd5 16. Nc4 Qa6 17. Nxd6 Qxd6 18. Bd2 Qb6 19. Qd3 Rac8 20. Bc3 Rc6 21. Bg2 Rd6 22. Bxd5 Rxd5 23. Qe3 Qd6 24. a3 Bc6 25. f3 Rf5 26. Rf1 Qd5 27. Kg2 g5 28. g4 Rf4 29. h3 f5 30. Kg3 Rxg4+ 0-1

[Event "POL Academic Cup 2nd"]
[Site "Wroclaw"]
[Date "2007.05.04"]
[Round "9"]
[White "Kazmierczak, Marcin"]
[Black "Paszek, Krzysztof"]
[Result "1/2-1/2"]
[WhiteElo "1996"]
[BlackElo "2155"]
[PlyCount "43"]
[EventDate "2007.04.28"]
[EventType "swiss"]
[EventRounds "9"]
[EventCountry "POL"]
[SourceTitle "EXT 2011"]
[Source "ChessBase"]
[SourceDate "2010.11.26"]
[SourceVersion "1"]
[SourceVersionDate "2010.11.26"]
[SourceQuality "1"]

1. d4 Nf6 2. Nf3 g6 3. g3 Bg7 4. Bg2 0-0 5. 0-0 d6 6. c4 c5 7. Nc3 Nc6 8. d5 Na5 9. Qd3 a6 10. e4 Rb8 11. Rb1 b5 12. cxb5 axb5 13. b4 cxb4 14. Rxb4 Bd7 15. Be3 Nb7 16. Bd4 Nc5 17. Qe2 Ne8 18. Bxg7 Kxg7 19. Nd4 Nc7 20. Ncxb5 Nxb5 21. Nxb5 Qa5 22. Rfb1 1/2-1/2

[Event "POL Academic Cup 2nd"]
[Site "Wroclaw"]
[Date "2007.04.29"]
[Round "2"]
[White "Dobrowolski, Piotr"]
[Black "Paszek, Krzysztof"]
[Result "1-0"]
[WhiteElo "2411"]
[BlackElo "2155"]
[PlyCount "129"]
[EventDate "2007.04.28"]
[EventType "swiss"]
[EventRounds "9"]
[EventCountry "POL"]
[SourceTitle "EXT 2011"]
[Source "ChessBase"]
[SourceDate "2010.11.26"]
[SourceVersion "1"]
[SourceVersionDate "2010.11.26"]
[SourceQuality "1"]

1. d4 Nf6 2. c4 g6 3. g3 Bg7 4. Bg2 0-0 5. Nc3 d6 6. Nf3 c5 7. 0-0 Nc6 8. d5 Na5 9. Nd2 a6 10. Qc2 Rb8 11. b3 b5 12. Bb2 e5 13. Rae1 Nh5 14. e3 Bf5 15. Nce4 Nf6 16. Nxf6+ Bxf6 17. e4 Bd7 18. Bc3 Nb7 19. f4 exf4 20. gxf4 Bxc3 21. Qxc3 f6 22. e5 fxe5 23. fxe5 dxe5 24. Qxe5 Re8 25. Qg3 Rxe1 26. Rxe1 Bf5 27. d6 Nxd6 28. Bd5+ Kg7 29. Qc3+ Kh6 30. Nf3 Rc8 31. Re5 Rc7 32. Qa5 Bg4 33. Ng5 bxc4 34. Qd2 Kg7 35. Be6 c3 36. Qxc3 Nb5 37. Qe3 Qd1+ 38. Kf2 Nd4 39. Bxg4 Qxg4 40. Re7+ Rxe7 41. Qxe7+ Kh6 42. Nf7+ Kh5 43. Qxc5+ Kh4 44. Qe7+ g5 45. Nxg5 Qxg5 46. Qe4+ Qg4 47. Qxh7+ Kg5 48. Qg7+ Kf5 49. Qxg4+ Kxg4 50. Ke3 Nc6 51. Kd2 Kh3 52. Kc3 Kxh2 53. Kc4 a5 54. Kb5 Nb4 55. a4 Kg3 56. Kxa5 Nd5 57. Kb5 Kf4 58. a5 Ke5 59. a6 Kd6 60. a7 Kd7 61. Ka6 Nc7+ 62. Kb7 Kd6 63. b4 Kd7 64. b5 Kd6 65. b6 1-0

[Event "POL-chT3 0607"]
[Site "Poland"]
[Date "2007.03.18"]
[Round "10.8"]
[White "Paszek, Krzysztof"]
[Black "Wisniewski, Przemyslaw"]
[Result "1-0"]
[WhiteElo "2155"]
[BlackElo "2126"]
[PlyCount "73"]
[EventDate "2006.11.12"]
[EventType "team"]
[EventRounds "11"]
[EventCountry "POL"]
[SourceTitle "EXT 2009"]
[Source "ChessBase"]
[SourceDate "2008.11.26"]
[SourceVersion "1"]
[SourceVersionDate "2008.11.26"]
[SourceQuality "1"]

1. e4 d6 2. d4 Nf6 3. Nc3 c6 4. Nf3 Bg4 5. Be2 e6 6. h3 Bh5 7. 0-0 d5 8. e5 Nfd7 9. Nh2 Bxe2 10. Nxe2 c5 11. c3 Nc6 12. Qd3 Be7 13. Qg3 g6 14. Bh6 Qb6 15. Qe3 0-0-0 16. Rfb1 Bf8 17. Bxf8 Rdxf8 18. b4 c4 19. g4 Qd8 20. b5 Ne7 21. f4 h5 22. Nf3 hxg4 23. hxg4 Rh3 24. Kg2 Rfh8 25. Ng3 Qg8 26. Rh1 Rxh1 27. Rxh1 Rxh1 28. Kxh1 Qd8 29. Ng5 Qa5 30. Nxf7 Qxa2 31. f5 Qb1+ 32. Kg2 Qc2+ 33. Kh3 gxf5 34. gxf5 Nb6 35. Qg5 Kd7 36. Qf6 Nbc8 37. Qxe6+ 1-0

[Event "Gdansk-ch 8th"]
[Site "Gdansk"]
[Date "2006.07.25"]
[Round "4"]
[White "Karlo, Tymoteusz"]
[Black "Paszek, Krzysztof"]
[Result "0-1"]
[WhiteElo "1934"]
[BlackElo "2148"]
[PlyCount "62"]
[EventDate "2006.07.23"]
[EventType "swiss"]
[EventRounds "9"]
[EventCountry "POL"]
[SourceTitle "EXT 2008"]
[Source "ChessBase"]
[SourceDate "2007.11.25"]
[SourceVersion "1"]
[SourceVersionDate "2007.11.25"]
[SourceQuality "1"]

1. d4 g6 2. c4 Bg7 3. Nc3 d6 4. e4 Nc6 5. Be3 e5 6. d5 Nce7 7. g4 f5 8. gxf5 gxf5 9. Qh5+ Kf8 10. exf5 Nf6 11. Qf3 Bxf5 12. Bh3 Qd7 13. Bxf5 Qxf5 14. 0-0-0 a6 15. Qe2 Kf7 16. Nf3 h6 17. Nd2 b5 18. f3 Rhd8 19. Rhg1 bxc4 20. Qxc4 c6 21. dxc6+ d5 22. Qb3 Rdb8 23. Bb6 Qe6 24. f4 e4 25. Ndxe4 Nxe4 26. Nxe4 Qxc6+ 27. Kb1 Rxb6 28. Rxg7+ Kxg7 29. Qa3 Kf7 30. Nf2 Rc8 31. Qd3 Qg6 0-1

[Event "Gdansk-ch 8th"]
[Site "Gdansk"]
[Date "2006.07.23"]
[Round "1"]
[White "Paszek, Krzysztof"]
[Black "Kotlowski, Tomasz"]
[Result "1-0"]
[WhiteElo "2148"]
[BlackElo "1866"]
[PlyCount "59"]
[EventDate "2006.07.23"]
[EventType "swiss"]
[EventRounds "9"]
[EventCountry "POL"]
[SourceTitle "EXT 2008"]
[Source "ChessBase"]
[SourceDate "2007.11.25"]
[SourceVersion "1"]
[SourceVersionDate "2007.11.25"]
[SourceQuality "1"]

1. e4 d6 2. d4 g6 3. Nc3 Bg7 4. f4 Nc6 5. d5 Nd4 6. Be3 c5 7. dxc6 Nxc6 8. Nf3 Nf6 9. Bc4 0-0 10. h3 a6 11. 0-0 b5 12. Bd3 Bb7 13. Qe1 Nd7 14. a3 Nb6 15. Qf2 Nc4 16. Bxc4 bxc4 17. Bb6 Qc8 18. Rab1 Nb8 19. Qh4 Nd7 20. Bd4 e5 21. Be3 Nc5 22. Rbd1 Qc7 23. f5 f6 24. fxg6 hxg6 25. Qg4 g5 26. h4 Bc8 27. Qh5 g4 28. Nh2 g3 29. Ng4 Bxg4 30. Qxg4 1-0

[Event "Gdansk-ch 8th"]
[Site "Gdansk"]
[Date "2006.07.23"]
[Round "2"]
[White "Tyda, Krzysztof"]
[Black "Paszek, Krzysztof"]
[Result "0-1"]
[WhiteElo "2026"]
[BlackElo "2148"]
[PlyCount "114"]
[EventDate "2006.07.23"]
[EventType "swiss"]
[EventRounds "9"]
[EventCountry "POL"]
[SourceTitle "EXT 2008"]
[Source "ChessBase"]
[SourceDate "2007.11.25"]
[SourceVersion "1"]
[SourceVersionDate "2007.11.25"]
[SourceQuality "1"]

1. d4 Nf6 2. c4 g6 3. Nc3 Bg7 4. e4 d6 5. Nf3 0-0 6. Be2 e5 7. 0-0 Nc6 8. d5 Ne7 9. b4 Nh5 10. g3 h6 11. Nh4 Nf6 12. Be3 Bh3 13. Re1 Kh8 14. Qd2 Ne8 15. f3 f5 16. Bf2 f4 17. g4 Nf6 18. Bf1 Bxf1 19. Kxf1 h5 20. h3 Nh7 21. Ke2 Ng5 22. Rh1 a5 23. b5 b6 24. Rag1 Bf6 25. Rg2 Rg8 26. Qe1 Qd7 27. Qg1 Rg7 28. Qh2 Kg8 29. Rhg1 Kf7 30. Rh1 Rh8 31. gxh5 Rxh5 32. Rg4 Rgh7 33. Qg2 R7h6 34. a4 Qc8 35. Rg1 Qh8 36. Nb1 Rxh4 37. Bxh4 Rxh4 38. Rxh4 Qxh4 39. Qg4 Qxh3 40. Nd2 Qxg4 41. Rxg4 Kg7 42. Nf1 Nf7 43. Nh2 Nh6 44. Rg1 Bh4 45. Kf1 Neg8 46. Kg2 Nf6 47. Rd1 g5 48. Kh3 Bg3 49. Nf1 g4+ 50. Kg2 Bh4 51. Nh2 Kg6 52. Rh1 Bg3 53. Nf1 gxf3+ 54. Kxf3 Nf7 55. Nxg3 fxg3 56. Kxg3 Nxe4+ 57. Kf3 Nc5 0-1

[Event "Gdansk-chA 7th"]
[Site "Gdansk"]
[Date "2005.11.12"]
[Round "5"]
[White "Murawski, Wieslaw"]
[Black "Paszek, Krzysztof"]
[Result "0-1"]
[WhiteElo "2032"]
[BlackElo "2162"]
[PlyCount "96"]
[EventDate "2005.11.05"]
[EventType "swiss"]
[EventRounds "9"]
[EventCountry "POL"]
[SourceTitle "EXT 2008"]
[Source "ChessBase"]
[SourceDate "2007.11.25"]
[SourceVersion "1"]
[SourceVersionDate "2007.11.25"]
[SourceQuality "1"]

1. e4 c5 2. Nf3 d6 3. d4 cxd4 4. Nxd4 e6 5. Nc3 a6 6. Be3 Nf6 7. f3 b5 8. a3 Bb7 9. Qd2 Be7 10. g4 Nfd7 11. 0-0-0 Nb6 12. f4 N8d7 13. Bd3 Rc8 14. Rhf1 Nc4 15. Bxc4 Rxc4 16. f5 e5 17. f6 Nxf6 18. Nf5 Nxe4 19. Nxg7+ Kd7 20. Nxe4 Bxe4 21. c3 f6 22. Rxf6 Rc6 23. Ne6 Qb8 24. Nc5+ Rxc5 25. Bxc5 Bxf6 26. Qe3 Be7 27. Qxe4 Kc7 28. Bb4 Qb6 29. Qd5 Rd8 30. Qe6 Rd7 31. a4 a5 32. Ba3 Qe3+ 33. Kb1 Qe4+ 34. Ka2 Qxa4 35. b3 Qe4 36. Rd2 a4 37. bxa4 Qxa4 38. Kb2 Qc4 39. Qf5 h6 40. Bb4 Bg5 41. Rc2 Kc6 42. Qf8 Rd8 43. Qg7 Ra8 44. Ba3 Qa4 45. Kb1 Qb3+ 46. Rb2 Qd1+ 47. Ka2 Rxa3+ 48. Kxa3 Qa4# 0-1

[Event "Gdansk-chA 7th"]
[Site "Gdansk"]
[Date "2005.11.05"]
[Round "1"]
[White "Zielinski, Jan"]
[Black "Paszek, Krzysztof"]
[Result "1/2-1/2"]
[WhiteElo "1875"]
[BlackElo "2162"]
[PlyCount "114"]
[EventDate "2005.11.05"]
[EventType "swiss"]
[EventRounds "9"]
[EventCountry "POL"]
[SourceTitle "EXT 2008"]
[Source "ChessBase"]
[SourceDate "2007.11.25"]
[SourceVersion "1"]
[SourceVersionDate "2007.11.25"]
[SourceQuality "1"]

1. e4 c5 2. Nf3 d6 3. d4 cxd4 4. Nxd4 Nf6 5. Nc3 a6 6. Bc4 e6 7. Be3 Be7 8. Qe2 Nc6 9. 0-0-0 Qc7 10. Bb3 b5 11. g4 0-0 12. g5 Nd7 13. h4 Nc5 14. f4 b4 15. Nxc6 Qxc6 16. Bxc5 bxc3 17. Bd4 cxb2+ 18. Bxb2 a5 19. a4 Ba6 20. Qe3 Rfc8 21. Rh2 Bf8 22. h5 Bc4 23. Kb1 Rab8 24. h6 g6 25. Qc3 e5 26. fxe5 Bxb3 27. Qxc6 Ba2+ 28. Kxa2 Rxc6 29. exd6 Bxd6 30. Rhd2 Bc7 31. Bf6 Rc4 32. Ka3 Bb6 33. Kb3 Rxe4 34. Rd5 Rb4+ 35. Ka3 Rc4 36. Rb5 Bc5+ 37. Kb3 Rb4+ 38. Rxb4 Bxb4 39. Rd8+ Rxd8 40. Bxd8 Bd2 41. Kc4 Kf8 42. Kd5 Ke8 43. Bf6 Kd7 44. c4 Bf4 45. c5 Bd2 46. c6+ Kc8 47. Kc5 Kc7 48. Kb5 Be1 49. Be5+ Kc8 50. Bf4 Bc3 51. Kb6 Be1 52. Kc5 Bc3 53. Kd6 Bb4+ 54. Kd5 Bc3 55. Be5 Bd2 56. Bf6 Kc7 57. Be5+ Kc8 1/2-1/2

[Event "Gdansk-ch 5th"]
[Site "Gdansk"]
[Date "2003.11.18"]
[Round "8"]
[White "Mrozowicki, Ryszard"]
[Black "Paszek, Krzysztof"]
[Result "0-1"]
[WhiteElo "1800"]
[BlackElo "2151"]
[PlyCount "56"]
[EventDate "2003.11.07"]
[EventType "swiss"]
[EventRounds "9"]
[EventCountry "POL"]
[SourceTitle "EXT 2008"]
[Source "ChessBase"]
[SourceDate "2007.11.25"]
[SourceVersion "1"]
[SourceVersionDate "2007.11.25"]
[SourceQuality "1"]

1. g4 e5 2. Bg2 d5 3. d4 e4 4. h3 Bd6 5. c4 c6 6. Nc3 Ne7 7. Qb3 b6 8. Bg5 f6 9. Bd2 Bb7 10. Rc1 Bc7 11. cxd5 cxd5 12. Nb5 Nbc6 13. Nxc7+ Qxc7 14. e3 0-0-0 15. Ne2 Ba6 16. Qa3 Kb7 17. Nc3 Ng6 18. Qa4 Nh4 19. Bf1 Nf3+ 20. Kd1 Bxf1 21. Rxf1 a6 22. b4 b5 23. Qb3 Qh2 24. Nxd5 Qxh3 25. Nxf6 Qxf1+ 26. Kc2 Qd3+ 27. Kb2 Qxb3+ 28. axb3 gxf6 0-1

[Event "Gdansk-ch 5th"]
[Site "Gdansk"]
[Date "2003.11.17"]
[Round "7"]
[White "Paszek, Krzysztof"]
[Black "Krzywina, Michal"]
[Result "0-1"]
[WhiteElo "2151"]
[BlackElo "1967"]
[PlyCount "82"]
[EventDate "2003.11.07"]
[EventType "swiss"]
[EventRounds "9"]
[EventCountry "POL"]
[SourceTitle "EXT 2008"]
[Source "ChessBase"]
[SourceDate "2007.11.25"]
[SourceVersion "1"]
[SourceVersionDate "2007.11.25"]
[SourceQuality "1"]

1. e4 e5 2. Nf3 Nc6 3. Bb5 a6 4. Ba4 Nf6 5. 0-0 b5 6. Bb3 Nxe4 7. d4 d5 8. dxe5 Be6 9. c3 Qd7 10. Nbd2 Nc5 11. Bc2 Be7 12. Re1 0-0 13. Nd4 Nxd4 14. cxd4 Na4 15. Qh5 g6 16. Qh6 Rfc8 17. Nf3 Bf8 18. Qh4 Bf5 19. Bxf5 Qxf5 20. e6 f6 21. e7 Bg7 22. Bf4 Kf7 23. Re2 c5 24. dxc5 Nxc5 25. Nd4 Qd3 26. Bh6 Bh8 27. Bf8 Bg7 28. Qxh7 Rxf8 29. exf8Q+ Rxf8 30. Qh4 Ne4 31. Rxe4 dxe4 32. Nb3 Rc8 33. Re1 f5 34. Qf4 Qd5 35. Qe3 Kg8 36. Re2 Rc2 37. h3 Rxb2 38. Rxb2 Bxb2 39. Qb6 Qd1+ 40. Kh2 Be5+ 41. g3 Qd6 0-1

[Event "POL-ch U18"]
[Site "Bartkowa"]
[Date "2002.??.??"]
[Round "?"]
[White "Marszalek, Maciej"]
[Black "Paszek, Krzysztof"]
[Result "0-1"]
[WhiteElo "2263"]
[BlackElo "2110"]
[PlyCount "59"]
[EventDate "2002.01.??"]
[EventType "swiss"]
[EventRounds "10"]
[EventCountry "POL"]
[SourceTitle "EXT 2005"]
[Source "ChessBase"]
[SourceDate "2004.11.15"]
[SourceVersion "1"]
[SourceVersionDate "2004.11.15"]
[SourceQuality "1"]

1. d4 Nf6 2. Nf3 g6 3. g3 Bg7 4. Bg2 0-0 5. c4 d6 6. Nc3 c5 7. d5 Na6 8. 0-0 Nc7 9. e4 a6 10. a4 b6 11. e5 Ng4 12. exd6 exd6 13. Bf4 Nf6 14. Qd2 Bb7 15. Ng5 Nh5 16. Nce4 Ne8 17. Be3 h6 18. Nh3 f5 19. Nc3 g5 20. Qd1 Nhf6 21. Qc2 f4 22. Bxf4 gxf4 23. Nxf4 Nc7 24. Rae1 Rb8 25. Re2 Ng4 26. Kh1 Bc8 27. Ne4 Bf5 28. Nh5 Qd7 29. Qd2 b5 30. Nxg7 0-1

[Event "POL-ch U18"]
[Site "Bartkowa"]
[Date "2002.??.??"]
[Round "?"]
[White "Owczarzak, Jerzy"]
[Black "Paszek, Krzysztof"]
[Result "1-0"]
[WhiteElo "2255"]
[BlackElo "2110"]
[PlyCount "41"]
[EventDate "2002.01.??"]
[EventType "swiss"]
[EventRounds "10"]
[EventCountry "POL"]
[SourceTitle "EXT 2005"]
[Source "ChessBase"]
[SourceDate "2004.11.15"]
[SourceVersion "1"]
[SourceVersionDate "2004.11.15"]
[SourceQuality "1"]

1. e4 c5 2. Nf3 d6 3. d4 cxd4 4. Nxd4 Nf6 5. Nc3 a6 6. Be3 e6 7. Be2 Be7 8. f4 Nc6 9. Qd2 Qc7 10. 0-0-0 Na5 11. Rhf1 Nc4 12. Bxc4 Qxc4 13. e5 dxe5 14. fxe5 Nd7 15. Bg5 Bb4 16. Qf4 0-0 17. Ne4 f6 18. Bxf6 Nxf6 19. exf6 e5 20. Qxe5 Bg4 21. Qg5 1-0